Zmeny mediálnej scény I.
Charakteristika súčasnej situácie na mediálnom trhu na Slovensku. Faktory vývoja štruktúry mediálneho trhu. Trhový podiel TV Markíza. Zmeny v českej TV Nova. Hlavné faktory vytvárajúce predpoklady pre zmeny na mediálnej scéne Slovenska.
Uložené v:
| Hlavný autor: | |
|---|---|
| Médium: | Kapitola |
| Jazyk: | Slovak |
| Predmet: | |
| Tagy: |
Žiadne tagy, Buďte prvý, kto otaguje tento záznam!
|
MARC
| LEADER | 00000naa a2200000 4500 | ||
|---|---|---|---|
| 001 | r035260 | ||
| 005 | 20230929095932.5 | ||
| 041 | 0 | |a slo | |
| 044 | |a SK | ||
| 245 | 1 | 0 | |a Zmeny mediálnej scény I. |c Pavel Hapák |
| 520 | |a Charakteristika súčasnej situácie na mediálnom trhu na Slovensku. Faktory vývoja štruktúry mediálneho trhu. Trhový podiel TV Markíza. Zmeny v českej TV Nova. Hlavné faktory vytvárajúce predpoklady pre zmeny na mediálnej scéne Slovenska. | ||
| 610 | 2 | 0 | |a médiá |
| 610 | 2 | 0 | |a televízia |
| 610 | 2 | 0 | |a trh |
| 610 | 2 | 0 | |a konkurencia |
| 610 | 2 | 0 | |a Slovensko |
| 610 | 2 | 0 | |a TV Markíza |
| 610 | 2 | 0 | |a TV Nova |
| 100 | 1 | |a Hapák, Pavel | |